| 000 | 00518cas a22001935a 4500 | ||
|---|---|---|---|
| 001 | L139627 | ||
| 008 | 070801d18861921xxkar p 0 a0eng u | ||
| 035 | _a(Sirsi) u139627 | ||
| 041 | 0 | _aeng | |
| 110 | 2 |
_aSurveyors' Institution _93783 |
|
| 245 | 0 | 0 | _aProfessional Notes |
| 260 |
_aLondon _bSurveyors' Institution _c1886-1921 |
||
| 362 | 0 | _aLondon: 1 1886/7-26 1920/21 | |
| 362 | 0 | _aEdinburgh: 1 1886/7-26 1920/21 | |
| 554 | _aOne per year | ||
| 651 | 4 |
_aUnited Kingdom _y |
|
| 690 | _aABOUT RICS | ||
| 942 | _n0 | ||
| 999 |
_c119096 _d119096 |
||